<?xml version="1.0" encoding="UTF-8"?>
<marc:record xmlns:marc="http://www.loc.gov/MARC21/slim">
   <marc:leader>00000nam a2200000 a 4500</marc:leader>
   <marc:datafield ind1="1" ind2=" " tag="100">
      <marc:subfield code="a">Stefan Ruzowitzky</marc:subfield>
   </marc:datafield>
   <marc:datafield ind1="0" ind2="0" tag="245">
      <marc:subfield code="a">Die Fälscher</marc:subfield>
   </marc:datafield>
   <marc:datafield ind1=" " ind2="1" tag="264">
      <marc:subfield code="a">München</marc:subfield>
      <marc:subfield code="b">Universum film</marc:subfield>
      <marc:subfield code="c">2010</marc:subfield>
   </marc:datafield>
   <marc:datafield ind1="1" ind2=" " tag="490">
      <marc:subfield code="a">1</marc:subfield>
   </marc:datafield>
   <marc:datafield ind1="1" ind2=" " tag="520">
      <marc:subfield code="a">Im Konzentrationslager Sachsenhausen ist die größte Geldfälschaktion aller Zeiten im Gang. Mit gefälschten britischen Pfund soll die Wirtschaft des Gegners in die Knie gezwungen werden. Durchgeführt wird die Aktion von Inhaftierten des KZ unter Leitung des Fälschers Salomon Sorowitsch. Die Häftlinge haben die Wahl: Unterstützen sie den Feind, bekommen sie die Chance zu überleben - sabotieren sie, bedeutet dies den sicheren Tod. Für die "Fälscher" geht es nicht mehr nur darum, Leib und Leben zu retten, sondern auch das eigene Gewissen...</marc:subfield>
   </marc:datafield>
   <marc:datafield ind1=" " ind2=" " tag="020">
      <marc:subfield code="a">0886977596995</marc:subfield>
      <marc:subfield code="9">0886977596995</marc:subfield>
   </marc:datafield>
   <marc:datafield ind1="0" ind2=" " tag="490">
      <marc:subfield code="v">0</marc:subfield>
   </marc:datafield>
   <marc:datafield ind1=" " ind2=" " tag="300">
      <marc:subfield code="a">ca. 94 Min.</marc:subfield>
   </marc:datafield>
</marc:record>
